000 01012cam a2200133 4500500
005 20251214002642.0
041 _afre
042 _adc
100 1 0 _aCharbonnier, Marie-Anne
_eauthor
245 0 0 _aLa fiche de lecture littéraire : Méthode et corrigés
260 _bArmand Colin,
_c2013.
520 _aCe livre propose une méthodologie générale, et 20 fiches intégralement rédigées portant sur les grandes œuvres de la littérature française du XVIe siècle à nos jours. Tous les grands genres littéraires sont explorés : poésie, théâtre, roman. De nombreux utilitaires facilitent et structurent le travail personnel : sélection de citations, chronologies siècle par siècle, glossaire... cette deuxième édition est revue et augmentée de nouvelles fiches. Marie-Anne Charbonnier, agrégée de lettres et professeur de chaire supérieure au lycée Henri-IV.
856 4 1 _uhttps://shs.cairn.info/la-fiche-de-lecture-litteraire--9782200350284?lang=fr&redirect-ssocas=7080
999 _c1567283
_d1567283